000 00516nmm a2200193Ia 4500
008 251105s9999||||xx |||||||||||||||||und||
020 _a9788417151232
041 _aspa
100 _aHartlieb, Petra
245 0 _aInvierno en Viena
264 _a[Madrid, España] :
_bSiruela,
_c2017
300 _a152 páginas
490 _aNuevos tiempos
650 _aOther narratives
700 _aHartlieb, Petra
700 1 _a Gross, Richard
856 _uhttps://public.digitaliapublishing.com/a/68343
942 _cCF
999 _c66743
_d66743